| 000 | 00454nam a22001457a 4500 | ||
|---|---|---|---|
| 999 |
_c16103 _d16103 |
||
| 008 | 210420b ||||| |||| 00| 0 eng d | ||
| 020 | _a9781910561324 | ||
| 082 |
_22017 _aDRef 030 _bG94 |
||
| 245 | _aGuinness world records 2017 | ||
| 260 |
_aUSA: _bGuinness Book Records, _c©2017. |
||
| 300 |
_a255 pages: _bcolor pictures and illustrations; _c30 cm. |
||
| 650 |
_aCuriosities and wonders. _943155 |
||
| 650 |
_aWorld records. _943156 |
||
| 942 |
_2ddc _cDREF |
||